| 000 | 00996nam a2200289Ia 4500 | ||
|---|---|---|---|
| 005 | 20220317001020.0 | ||
| 008 | 160825s2009 ck a g 000 0 spa | ||
| 020 | _a97895830054012 | ||
| 245 | 1 | 0 |
_aBichonanzas y adiviplantas _cseleccionado por Alicia Zambrano ; Ilustrado por Juan Ramón Sierra |
| 250 |
_a1a. edición _b10a. reimpresión |
||
| 300 |
_a53 páginas _bilustraciones en color _c17 cm |
||
| 490 | _aQue pase el tren | ||
| 650 | 1 | 4 |
_2LEMB _aAdivinanzas |
| 650 | 1 | 4 |
_2LEMB _aJuegos de palabras |
| 650 | 1 | 4 |
_2LEMB _aJuegos educativos |
| 650 | 1 | 4 |
_2LEMB _aJuegos de lectura |
| 650 | 1 | 4 |
_2LEMB _aLibros y lectura para niños |
| 700 | 1 |
_aSierra, Juan _eilustrador _912732 |
|
| 700 | 1 |
_aZambrano, Alicia _ecompilador _964403 |
|
| 942 |
_2loc _cBKINF |
||
| 264 |
_aBogotá _bPanamericana _c2009 |
||
| 336 |
_atexto _btxt _2rdacontent |
||
| 337 |
_asin mediación _bn _2rdamedia |
||
| 338 |
_avolumen _bnc _2rdacarrier |
||
| 040 |
_aCO-BoRNBP _bspa _erda _cCO-BoRNBP |
||
| 084 | _aP BIC1 | ||
| 999 |
_c5673 _d5673 |
||